00449nam a2200145Ia 4500008004100000041001200041100002100053245002900074260002200103300000800125650000600133942000700139999001900146952013800165231217s9999 xx 000 0 und d aEnglish aStevens, Roger T 0aFractal programming in C c1989bM & T Books a582 aC cAA c162620d162620 r2024-01-26 00:00:00l0p5363v713.38w2024-01-26yAA1040708CL00aMLbMLd1993-04-10g21.95ECSK164L21/11/1995GUSDF32.5V0W0